banner-ar

THE AJANTA CAVES: EARLY BUDDHIST PAINTINGS FROM INDIA / (Record no. 12106)

MARC details
000 -الفاتح
حقل البيانات ثابتة الطول 00493nam a2200181Ia 4500
008 - عناصر البيانات ثابتة الطول - معلومات عامة
حقل البيانات ثابتة الطول 140319s9999 xx 000 0 eng d
040 ## - مصدر الفهرسة
وكالة الفهرسة الأصلية GCL /
وكالة النسخ GCL
082 04 - رقم تصنيف ديوى العشرى
رقم التصنيف 709.5
رقم المادة R A
100 1# - المدخل الرئيسى - إسم شخصى
الإسم الشخصى ROWLAND, BENJAMIN
245 10 - بيان العنوان
العنوان THE AJANTA CAVES: EARLY BUDDHIST PAINTINGS FROM INDIA /
بيان المسئوليه,etc ROWLAND, BENJAMIN
260 ## - PUBLICATION, DISTRIBUTION, ETC. (IMPRINT)
تاريخ النشر أو التوزيع 1963
300 ## - الوصف المادى
التعداد 46P.
650 04 - المدخل الاضافى بالموضوع-مصطلح موضوعى
مصطلح موضوعي ART
650 04 - المدخل الاضافى بالموضوع-مصطلح موضوعى
مصطلح موضوعي HISTORY OF ART
650 04 - المدخل الاضافى بالموضوع-مصطلح موضوعى
مصطلح موضوعي INDIA - ARTS
942 ## - عناصر المدخل الإضافي( كوها)
مصدر التصنيف او مخطط الترفيف Dewey Decimal Classification
Koha [default] item type كتاب
260 ## - PUBLICATION, DISTRIBUTION, ETC. (IMPRINT)
-- [S.N] :
-- A MENTOR - UNESCO ART BOOK ،
Holdings
حالة التراجع حالة الفقد حالة تلف ليس للاعارة المكان المؤقت الموقع الحالى تاريخ الاكتساب اجمالي اﻻعارات رقم الطلب الباركود تاريخ اخر مشاهدة تاريخ تفعيل السعر نوع وعاء كوها
        مكتبة القاهرة الكبرى مكتبة القاهرة الكبرى 03/26/2014   709.5\R A 23686 03/26/2014 03/26/2014 كتاب

Powered By

EGPV